000 00332nam a2200157Ia 4500
100 _aCarrera/Philip
650 _aAdobe
942 _cBK
366 _f20
654 _aadobe
245 _aAdobe flash animation
260 _bJones and Bartlett
_c2011
082 _a5.133
_bCAR
300 _a270
546 _aENGLISH
_celectronics
999 _c28326
_d28326